Chuyển đến nội dung
Inicio
Centros participantes
Catálogo
Servicios
Contacto
Đăng nhập
English
Deutsch
Español
Français
Italiano
日本語
Nederlands
Português
Português (Brasil)
中文(简体)
中文(繁體)
Türkçe
עברית
Gaeilge
Cymraeg
Ελληνικά
Català
Euskara
Русский
Čeština
Suomi
Svenska
polski
Dansk
slovenščina
اللغة العربية
বাংলা
Galego
Tiếng Việt
Hrvatski
हिंदी
Հայերէն
Українська
Sámegiella
Ngôn ngữ
Tất cả các trường
Tiêu đề
Tác giả
Chủ đề
Số hiệu
số ISBN/ISSN
Nhãn
Tìm kiếm
Nâng cao
Proyecto del programa del part...
Trích dẫn điều này
Email này
In
Xuất bản ghi
Xuất tới RefWorks
Xuất tới EndNoteWeb
Xuất tới EndNote
Lưu vào danh sách
Liên kết dài hạn
Agregar primera valuación
Proyecto del programa del partido socialista
Đã lưu trong:
Chi tiết về thư mục
Tác giả của công ty:
Partido Socialista Costarricense
Định dạng:
Texto
Được phát hành:
San José:
PSC
Các nhãn:
Thêm thẻ
Không có thẻ, Là người đầu tiên thẻ bản ghi này!
Đang giữ
Miêu tả
Những bình luận
Những quyển sách tương tự
Chế độ xem nhân viên
MARC
LEADER
00000 a a2200000 04500
001
16571
003
040
|a
CRAI/IIS
|c
CRAI/IIS
090
|a
EXTRAVIADO
110
|a
Partido Socialista Costarricense
245
|a
Proyecto del programa del partido socialista
260
|a
San José:
|b
PSC
300
|a
4 p.
999
|c
12609
|d
12609
Những quyển sách tương tự
Congreso del Partido Socialista Costarricense: documento sobre coyuntura internacional
Congreso del Partido Socialista Costarricense: informe de la secretaría de asuntos campesinos al segundo congreso
Congreso del Partido Socialista Costarricense: sobre la concepción estratégica unitaria, regional y Centroamericana de la lucha de liberación
Proyecto de programa agrario
Estatutos del partido